[Event "GRE-chT 47th"]
[Site "Patras"]
[Date "2019.07.02"]
[Round "1.4"]
[White "Galanakis, Nikolaos"]
[Black "Patrelakis, Evaggelos"]
[Result "0-1"]
[WhiteElo "1565"]
[BlackElo "2209"]
[PlyCount "82"]
[EventDate "2019.07.02"]
[EventType "team-swiss"]
[EventRounds "7"]
[EventCountry "GRE"]
[SourceTitle "CBM 191 Extra"]
[Source "ChessBase"]
[SourceDate "2019.09.30"]
[SourceVersion "1"]
[SourceVersionDate "2019.09.30"]
[SourceQuality "1"]
[WhiteTeam "Chania Kaissa"]
[BlackTeam "Chania SA"]
[WhiteTeamCountry "GRE"]
[BlackTeamCountry "GRE"]

1. e4 c5 2. Nf3 d6 3. d4 cxd4 4. Nxd4 Nf6 5. Nc3 e6 6. Be3 a6 7. f3 b5 8. Qd2 Nbd7 9. a4 b4 10. Na2 d5 11. Bd3 dxe4 12. fxe4 Nxe4 13. Bxe4 Qh4+ 14. g3 Qxe4 15. 0-0-0 Qb7 16. Rhe1 b3 17. Nxb3 Be7 18. Qc3 0-0 19. Na5 Qf3 20. Nc6 Bf6 21. Bd4 Qxc3 22. Nxc3 Bb7 23. Ne5 Nxe5 24. Bxe5 Bg5+ 25. Kb1 Rfd8 26. Bc7 Rdc8 27. Bb6 Rc4 28. Rd4 Rxd4 29. Bxd4 Rc8 30. Ne4 Be7 31. b3 f6 32. Kb2 Kf7 33. c3 e5 34. Bf2 f5 35. Nd2 e4 36. Nc4 Ke6 37. Bd4 g5 38. Rd1 Rd8 39. Na5 Ba8 40. b4 f4 41. gxf4 gxf4 0-1

[Event "GRE-ch Schools Gymnasia-A 30th"]
[Site "Peristeri"]
[Date "2018.04.02"]
[Round "7"]
[White "Galanakis, Nikolaos"]
[Black "Tsilidis, Christos"]
[Result "1-0"]
[WhiteElo "1483"]
[BlackElo "1255"]
[PlyCount "67"]
[EventDate "2018.04.01"]
[EventType "swiss (rapid)"]
[EventRounds "9"]
[EventCountry "GRE"]
[SourceTitle "EXT 2019"]
[Source "ChessBase"]
[SourceDate "2018.10.10"]
[SourceVersion "1"]
[SourceVersionDate "2018.10.10"]
[SourceQuality "1"]

1. g3 d5 2. Bg2 Nf6 3. Nf3 e6 4. 0-0 b6 5. d3 Bb7 6. Nc3 c5 7. Bf4 Bd6 8. Bxd6 Qxd6 9. Re1 d4 10. Nb5 Qc6 11. a4 a6 12. Nh4 Nd5 13. Na3 Qxa4 14. Nc4 Qc6 15. e4 dxe3 16. fxe3 Nd7 17. e4 Ne7 18. e5 Nd5 19. Nd6+ Ke7 20. Qh5 Nxe5 21. Qxe5 Qxd6 22. Nf5+ Ke8 23. Nxd6+ Kd7 24. Nxb7 Rab8 25. Bxd5 Kc8 26. Qd6 Rxb7 27. Bxb7+ Kxb7 28. Qd7+ Kb8 29. Rxa6 Rd8 30. Qxd8+ Kb7 31. Qxb6+ Kc8 32. Ra7 c4 33. Qd6 e5 34. Qf8# 1-0

[Event "GRE-ch Schools Gymnasia-A 30th"]
[Site "Peristeri"]
[Date "2018.04.01"]
[Round "4"]
[White "Galanakis, Nikolaos"]
[Black "Foinikianaki, Stella"]
[Result "0-1"]
[WhiteElo "1483"]
[BlackElo "1351"]
[PlyCount "96"]
[EventDate "2018.04.01"]
[EventType "swiss (rapid)"]
[EventRounds "9"]
[EventCountry "GRE"]
[SourceTitle "EXT 2019"]
[Source "ChessBase"]
[SourceDate "2018.10.10"]
[SourceVersion "1"]
[SourceVersionDate "2018.10.10"]
[SourceQuality "1"]

1. g3 e5 2. Bg2 d5 3. Nf3 Bd6 4. 0-0 Nf6 5. d3 h6 6. Nc3 c6 7. b3 Bf5 8. Bb2 d4 9. Nb1 Qe7 10. Nbd2 0-0 11. Nc4 Bc7 12. e3 b5 13. Ncd2 dxe3 14. fxe3 Ng4 15. Re1 Bb6 16. Nf1 Nd7 17. Nh4 Qg5 18. Nxf5 Qxf5 19. Bf3 Ndf6 20. h3 Nxe3 21. Nxe3 Qxh3 22. Bg2 Qxg3 23. Qf3 Qg5 24. Kf1 Bxe3 25. Rxe3 Ng4 26. Rxe5 Nh2+ 27. Kf2 Nxf3 28. Rxg5 Nxg5 29. Bxc6 Rac8 30. Ba3 Rxc6 31. Bxf8 Rxc2+ 32. Ke3 Kxf8 33. d4 Ke7 34. Kd3 Rc7 35. Re1+ Kf6 36. Re5 a6 37. a4 bxa4 38. bxa4 Rd7 39. Ra5 Rd6 40. Rc5 Ne6 41. Rc4 h5 42. Ke4 Rxd4+ 43. Rxd4 Nxd4 44. Kxd4 h4 45. Kc5 h3 46. Kb6 h2 47. Kxa6 h1Q 48. Ka7 Qa1 0-1

[Event "GRE-chT Schools Gymnasia 16th"]
[Site "Peristeri"]
[Date "2018.03.31"]
[Round "2.1"]
[White "Alexakis, Dimitris"]
[Black "Galanakis, Nikolaos"]
[Result "1-0"]
[WhiteElo "2290"]
[BlackElo "1483"]
[PlyCount "87"]
[EventDate "2018.03.31"]
[EventType "team-swiss (rapid)"]
[EventRounds "6"]
[EventCountry "GRE"]
[SourceTitle "EXT 2019"]
[Source "ChessBase"]
[SourceDate "2018.10.10"]
[SourceVersion "1"]
[SourceVersionDate "2018.10.10"]
[SourceQuality "1"]

1. e4 c5 2. Nf3 Nc6 3. d4 cxd4 4. Nxd4 e5 5. Nb5 d6 6. c4 a6 7. N5c3 Nf6 8. Be2 Be7 9. Be3 0-0 10. 0-0 Be6 11. f3 Qd7 12. Na4 Bd8 13. Nbc3 Rb8 14. Nb6 Bxb6 15. Bxb6 Ne7 16. Nd5 Bxd5 17. cxd5 Nc8 18. Be3 Ne7 19. Qd2 Ng6 20. g3 Rbc8 21. b3 Rc7 22. Bb6 Rcc8 23. Rfe1 Qh3 24. Bf1 Qh5 25. g4 Nxg4 26. fxg4 Qxg4+ 27. Qg2 Qd7 28. Rac1 Nf4 29. Qg3 h5 30. Be3 Qg4 31. Qxg4 hxg4 32. Rxc8 Rxc8 33. Rc1 Rxc1 34. Bxc1 g6 35. a4 f5 36. Bxf4 exf4 37. exf5 gxf5 38. Bd3 Kf7 39. Bxf5 Kf6 40. Bxg4 Ke5 41. Bc8 b5 42. a5 Kxd5 43. Bxa6 Kc5 44. Bb7 1-0

[Event "GRE-ch U20"]
[Site "Chania"]
[Date "2017.01.02"]
[Round "1"]
[White "Galanakis, Nikolaos"]
[Black "Kalogeris, Ioannis"]
[Result "0-1"]
[WhiteElo "1383"]
[BlackElo "2302"]
[PlyCount "61"]
[EventDate "2017.01.02"]
[EventType "swiss"]
[EventRounds "9"]
[EventCountry "GRE"]
[SourceTitle "EXT 2024"]
[Source "ChessBase"]
[SourceDate "2023.10.10"]
[SourceVersion "1"]
[SourceVersionDate "2023.10.10"]
[SourceQuality "1"]

1. e4 c5 2. Nf3 e6 3. d4 cxd4 4. Nxd4 Nc6 5. Nc3 a6 6. Be3 Qc7 7. Be2 Nf6 8. 0-0 Bb4 9. f3 0-0 10. Kh1 d5 11. exd5 Bxc3 12. dxc6 Bxb2 13. cxb7 Bxb7 14. Rb1 Nd5 15. Bf4 Nxf4 16. Rxb2 Rfd8 17. Qb1 Bc8 18. Rb4 Rxd4 19. Rxd4 Nxe2 20. Rd2 Nc3 21. Qb4 Nd5 22. Qd4 Bb7 23. c4 e5 24. Qd3 Nf6 25. Qd6 Qxc4 26. Rfd1 Re8 27. Rb1 e4 28. fxe4 Nxe4 29. Qd8 Qc6 30. Rd5 Kf8 31. Qd7 0-1

[Event "Heraklion op 16th"]
[Site "Heraklion"]
[Date "2016.01.07"]
[Round "6"]
[White "Koziris, Ilias"]
[Black "Galanakis, Nikolaos"]
[Result "1-0"]
[WhiteElo "1260"]
[BlackElo "1635"]
[PlyCount "57"]
[EventDate "2016.01.03"]
[EventType "swiss"]
[EventRounds "9"]
[EventCountry "GRE"]
[SourceTitle "EXT 2024"]
[Source "ChessBase"]
[SourceDate "2023.10.10"]
[SourceVersion "1"]
[SourceVersionDate "2023.10.10"]
[SourceQuality "1"]

1. e4 e6 2. d4 d5 3. exd5 exd5 4. Nc3 c6 5. Nf3 Bd6 6. g3 Bg4 7. Bg2 Ne7 8. 0-0 0-0 9. Ne2 Ng6 10. c3 Qf6 11. Ne1 Qe6 12. Be3 Bxe2 13. Qxe2 f5 14. Qd3 f4 15. Bd2 Nd7 16. Nf3 h6 17. Rae1 Qf6 18. Bh3 fxg3 19. fxg3 Nc5 20. dxc5 Bxc5+ 21. Be3 Bd6 22. Bd4 Nf4 23. gxf4 Qxf4 24. Qg6 Rf7 25. Be6 Raf8 26. Bxf7+ Rxf7 27. Re8+ Bf8 28. Qg2 Qc7 29. Ne5 1-0

[Event "GRE-ch U10"]
[Site "Rio Achaia"]
[Date "2015.06.29"]
[Round "6.7"]
[White "Galanakis, Nikolaos"]
[Black "Malliarakis, Stylianos"]
[Result "1-0"]
[WhiteElo "1251"]
[BlackElo "1059"]
[PlyCount "125"]
[EventDate "2015.06.26"]
[EventType "swiss"]
[EventRounds "9"]
[EventCountry "GRE"]
[SourceTitle "EXT 2024"]
[Source "ChessBase"]
[SourceDate "2023.10.10"]
[SourceVersion "1"]
[SourceVersionDate "2023.10.10"]
[SourceQuality "1"]

1. e4 e6 2. d4 d5 3. exd5 exd5 4. Bd3 Bd6 5. Be3 Nf6 6. h3 0-0 7. Nf3 Re8 8. 0-0 c6 9. Nbd2 Qb6 10. Rb1 Be6 11. c3 Nbd7 12. b4 Qc7 13. Ng5 h6 14. Nxe6 Rxe6 15. Bf5 Ree8 16. Qf3 Re7 17. c4 Qd8 18. c5 Bc7 19. Rfe1 b6 20. Bf4 Bxf4 21. Qxf4 Qe8 22. Rxe7 Qxe7 23. Bd3 Nf8 24. Qe3 Qxe3 25. fxe3 b5 26. Ra1 a6 27. a4 Re8 28. Kf2 Ne6 29. axb5 axb5 30. Ra6 Rc8 31. Bf5 Nd7 32. Bxe6 fxe6 33. Ra7 Nb8 34. Nf3 Kh7 35. Ne5 Kg8 36. Ra8 Kh7 37. Nxc6 Rxc6 38. Rxb8 Rc7 39. Rxb5 Kg8 40. Rb6 Kf7 41. c6 Ke7 42. Rb7 Kd8 43. Rxc7 Kxc7 44. b5 g5 45. Kf3 h5 46. g3 Kb6 47. h4 g4+ 48. Kf4 Kxb5 49. c7 Kc4 50. c8Q+ Kd3 51. Qxe6 Kc4 52. Qc6+ Kd3 53. Qxd5 Kc3 54. e4 Kd3 55. Qb3+ Kd2 56. d5 Ke2 57. Qc2+ Kf1 58. Ke3 Kg1 59. Qd1+ Kg2 60. Ke2 Kxg3 61. Qh1 Kf4 62. d6 Ke5 63. d7 1-0

[Event "Iraklio SOI op-A 9th"]
[Site "Iraklio"]
[Date "2013.09.08"]
[Round "7"]
[White "Galanakis, Nikolaos"]
[Black "Vitsaxakis, Nikolaos"]
[Result "0-1"]
[WhiteElo "1705"]
[BlackElo "1517"]
[PlyCount "132"]
[EventDate "2013.09.03"]
[EventType "swiss"]
[EventRounds "7"]
[EventCountry "GRE"]
[SourceTitle "EXT 2024"]
[Source "ChessBase"]
[SourceDate "2023.10.10"]
[SourceVersion "1"]
[SourceVersionDate "2023.10.10"]
[SourceQuality "1"]

1. c4 c5 2. Nc3 Nf6 3. Nf3 b6 4. e3 d5 5. cxd5 Nxd5 6. Bb5+ Bd7 7. Bxd7+ Qxd7 8. Qb3 e6 9. Ne5 Qb7 10. Qb5+ Nd7 11. 0-0 a6 12. Qxd7+ Qxd7 13. Nxd7 Kxd7 14. Nxd5 exd5 15. b3 Bd6 16. Bb2 f6 17. Rac1 Be5 18. d4 cxd4 19. f4 Bd6 20. Bxd4 Ba3 21. Rc2 b5 22. Rd1 Rac8 23. Rcd2 Rc1 24. Rxc1 Bxc1 25. Rc2 Ba3 26. Kf2 Re8 27. Ke2 Kd6 28. Kd3 Bb4 29. Bb6 f5 30. Bc7+ Kd7 31. Be5 Rc8 32. Rxc8 Kxc8 33. Bxg7 Kd7 34. h3 h5 35. Kd4 Ke6 36. Bh6 Ba3 37. Bg5 Bb4 38. Bd8 Kd6 39. Bb6 Ba3 40. Ba7 Bb2+ 41. Kd3 Ba3 42. Bd4 Bb4 43. Ke2 Ke6 44. Kf3 h4 45. Ke2 a5 46. Bb6 Kd7 47. Kd3 Be1 48. Ke2 Bc3 49. Kf3 Be1 50. Bd4 a4 51. bxa4 bxa4 52. Ke2 Bg3 53. Bc3 Kc6 54. Kd3 Kc5 55. Bd2 Bf2 56. a3 d4 57. e4 fxe4+ 58. Kxe4 Kc4 59. f5 d3 60. f6 Bc5 61. Bh6 Bxa3 62. f7 Bc5 63. Kf3 a3 64. f8Q Bxf8 65. Bxf8 a2 66. Bg7 Kb3 0-1

[Event "Iraklio SOI op-A 9th"]
[Site "Iraklio"]
[Date "2013.09.05"]
[Round "4"]
[White "Kiriakakis, Ioannis"]
[Black "Galanakis, Nikolaos"]
[Result "0-1"]
[WhiteElo "1526"]
[BlackElo "1705"]
[PlyCount "76"]
[EventDate "2013.09.03"]
[EventType "swiss"]
[EventRounds "7"]
[EventCountry "GRE"]
[SourceTitle "EXT 2024"]
[Source "ChessBase"]
[SourceDate "2023.10.10"]
[SourceVersion "1"]
[SourceVersionDate "2023.10.10"]
[SourceQuality "1"]

1. e4 e6 2. d4 d5 3. Nc3 Bb4 4. e5 c5 5. a3 Bxc3+ 6. bxc3 Qc7 7. Nf3 b6 8. Bd3 Ba6 9. 0-0 Bxd3 10. Qxd3 h6 11. a4 Nd7 12. Bd2 Ne7 13. Ne1 Rc8 14. f4 cxd4 15. cxd4 Qc4 16. Qxc4 Rxc4 17. c3 Nc6 18. Nc2 Na5 19. Ne3 Rc7 20. Rab1 0-0 21. f5 Rfc8 22. g4 Nc4 23. Nxc4 Rxc4 24. Ra1 Nb8 25. a5 b5 26. Rfb1 a6 27. Kf2 Nc6 28. Ke3 Ne7 29. fxe6 fxe6 30. Kd3 Rf8 31. Rf1 Rxf1 32. Rxf1 Ra4 33. Kc2 Nc6 34. Kb2 Nxa5 35. Bc1 Nc4+ 36. Kb3 Ra1 37. Kb4 Nd2 38. Rd1 Ne4 0-1

[Event "Mediterranean-ch U20"]
[Site "Crete"]
[Date "2013.08.27"]
[Round "1"]
[White "Galanakis, Nikolaos"]
[Black "Asan, Elvan"]
[Result "0-1"]
[WhiteElo "1015"]
[BlackElo "1831"]
[PlyCount "32"]
[EventDate "2013.08.27"]
[EventType "swiss"]
[EventRounds "9"]
[EventCountry "GRE"]
[SourceTitle "CBM 156 Extra"]
[Source "ChessBase"]
[SourceDate "2013.10.22"]
[SourceVersion "1"]
[SourceVersionDate "2013.10.22"]
[SourceQuality "1"]

1. e4 e5 2. Nf3 Nc6 3. Bb5 a6 4. Bxc6 dxc6 5. 0-0 Bd6 6. Nc3 Bg4 7. d3 Qd7 8. g3 0-0-0 9. Bg5 f6 10. Bd2 g5 11. Qe2 h5 12. Qe3 Kb8 13. d4 exd4 14. Qxd4 Bxf3 15. Be3 c5 16. Qd5 Qh3 0-1

[Event "GRE-ch U08"]
[Site "Patras"]
[Date "2013.07.13"]
[Round "8.7"]
[White "Galanakis, Nikolaos"]
[Black "Tzavaras, Spyridon"]
[Result "1-0"]
[WhiteElo "1705"]
[BlackElo "1224"]
[PlyCount "70"]
[EventDate "2013.07.08"]
[EventType "swiss"]
[EventRounds "9"]
[EventCountry "GRE"]
[SourceTitle "EXT 2024"]
[Source "ChessBase"]
[SourceDate "2023.10.10"]
[SourceVersion "1"]
[SourceVersionDate "2023.10.10"]
[SourceQuality "1"]

1. e4 e5 2. Nf3 Nc6 3. Bb5 a6 4. Bxc6 dxc6 5. 0-0 Bg4 6. d3 Bd6 7. Nbd2 Qd7 8. h3 Bh5 9. Re1 0-0-0 10. Nf1 Nf6 11. Ng3 Bxf3 12. Qxf3 h5 13. Bg5 h4 14. Nf5 Rdg8 15. Bxh4 g5 16. Bg3 g4 17. Nxd6+ Qxd6 18. Qf5+ Qd7 19. Qxf6 gxh3 20. Qf5 hxg2 21. Qxd7+ Kxd7 22. Kxg2 f5 23. exf5 Rh5 24. Rxe5 b5 25. Rae1 Rg7 26. Rh1 Rhg5 27. Kf1 Rg4 28. f6 Rf7 29. Re7+ Rxe7 30. fxe7 Kxe7 31. Bxc7 Rb4 32. b3 Kd7 33. Ba5 Rf4 34. Rh7+ Kd6 35. Bc7+ Kd5 1-0

[Event "Iraklio SOI op-A 8th"]
[Site "Iraklio"]
[Date "2013.05.10"]
[Round "6"]
[White "Galanakis, Nikolaos"]
[Black "Serpetsidaki, Eva"]
[Result "0-1"]
[WhiteElo "1736"]
[BlackElo "1399"]
[PlyCount "84"]
[EventDate "2013.05.06"]
[EventType "swiss"]
[EventRounds "7"]
[EventCountry "GRE"]
[SourceTitle "EXT 2024"]
[Source "ChessBase"]
[SourceDate "2023.10.10"]
[SourceVersion "1"]
[SourceVersionDate "2023.10.10"]
[SourceQuality "1"]

1. b3 e5 2. Bb2 d6 3. e4 Nf6 4. Bd3 Bg4 5. Ne2 Nbd7 6. f3 Bh5 7. c4 Nc5 8. Qc2 Be7 9. Ng3 Bg6 10. Be2 Nfd7 11. d4 Ne6 12. d5 Nf4 13. Bd3 Bh4 14. Nc3 Qg5 15. Kf2 Nc5 16. Rad1 Ncxd3+ 17. Rxd3 Nxd3+ 18. Qxd3 f5 19. Kf1 Bxg3 20. hxg3 Rf8 21. Kf2 h6 22. Bc1 Qe7 23. Rd1 0-0-0 24. Bd2 Kb8 25. Kg1 h5 26. Be1 Qg5 27. c5 dxc5 28. Qb5 Qe3+ 29. Bf2 Qxc3 30. Bxc5 Be8 31. Qc4 Qxc4 32. bxc4 Rf7 33. a4 b6 34. Be3 fxe4 35. fxe4 Bxa4 36. Ra1 Bc2 37. Re1 a5 38. c5 b5 39. Bd2 b4 40. c6 Ka7 41. Ra1 Kb6 42. Rc1 b3 0-1

[Event "Iraklio SOI op-A 8th"]
[Site "Iraklio"]
[Date "2013.05.09"]
[Round "5"]
[White "Halkias, Ioannis"]
[Black "Galanakis, Nikolaos"]
[Result "1-0"]
[WhiteElo "1220"]
[BlackElo "1736"]
[PlyCount "49"]
[EventDate "2013.05.06"]
[EventType "swiss"]
[EventRounds "7"]
[EventCountry "GRE"]
[SourceTitle "EXT 2024"]
[Source "ChessBase"]
[SourceDate "2023.10.10"]
[SourceVersion "1"]
[SourceVersionDate "2023.10.10"]
[SourceQuality "1"]

1. e4 e6 2. d3 d5 3. Nd2 Nf6 4. g3 d4 5. Bg2 e5 6. Ngf3 Bg4 7. 0-0 Bd6 8. Qe1 Be6 9. Ng5 0-0 10. Nxe6 fxe6 11. Nc4 b5 12. Nxe5 Bxe5 13. f4 Nc6 14. fxe5 Nxe5 15. Bf4 Qd6 16. h3 Nh5 17. Qe2 Nf6 18. g4 Rae8 19. Qd1 c5 20. c3 dxc3 21. bxc3 Rd8 22. d4 cxd4 23. cxd4 Qb8 24. Bxe5 Qxe5 25. dxe5 1-0

[Event "Heraklion 3rd op A"]
[Site "Heraklion"]
[Date "2011.09.09"]
[Round "5"]
[White "Galanakis, Nikolaos"]
[Black "Fakidis, Antonios"]
[Result "1-0"]
[WhiteElo "1905"]
[BlackElo "1100"]
[PlyCount "65"]
[EventDate "2011.09.06"]
[EventType "swiss"]
[EventRounds "7"]
[EventCountry "GRE"]
[SourceTitle "EXT 2024"]
[Source "ChessBase"]
[SourceDate "2023.10.10"]
[SourceVersion "1"]
[SourceVersionDate "2023.10.10"]
[SourceQuality "1"]

1. d4 d5 2. c4 e6 3. Nc3 Nf6 4. e3 c6 5. Nf3 Bd6 6. c5 Be7 7. Bd3 0-0 8. b4 Nbd7 9. 0-0 a5 10. b5 cxb5 11. Bxb5 b6 12. c6 Nb8 13. Qd3 Bb4 14. a3 Bxc3 15. Qxc3 Qc7 16. a4 Ne4 17. Qc2 Na6 18. Ba3 Re8 19. Nd2 Nd6 20. Nf3 Ne4 21. Rac1 f6 22. Nd2 Nd6 23. e4 Nb4 24. Bxb4 axb4 25. exd5 exd5 26. Qb3 Re6 27. Qxd5 Kh8 28. Rfe1 Rxe1+ 29. Rxe1 h6 30. Bd3 Ra5 31. Qxd6 Qf7 32. Qd8+ Qg8 33. Re8 1-0